DÜNYANIN EN YALNIZ YERİNDE (Kayıt no. 1156607)

MARC ayrıntıları
000 -LEADER
sabit uzunluktaki kontrol alanı 00260nam a2200097Ia 4500
001 - KONTROL NUMARASI
kontrol alanı 1156607
005 - EN SON İŞLEMİN TARİH VE ZAMANI
kontrol alanı 20250827011226.0
008 - SABİT-UZUNLUKTA VERİ ÖĞELERİ--GENEL BİLGİ
sabit uzunluktaki kontrol alanı 250824s9999 xx 000 0 und d
245 #0 - ESER / YAZAR
ESER ADI DÜNYANIN EN YALNIZ YERİNDE
Yazar Adı MUSTAFA RUHİ ŞİRİN
260 ## - YAYIN, DAĞITIM, VB.
YAYIN EVİ MUHİT KİTAP
Mevcut
Düşüm durumu Kayıp durumu Hasar Durumu Ödünç verilmez Ana kütüphane Geçerli Kütüphane Edinilen tarih Toplam ödünç verme sayısı Barkod Son görüntüleme tarihi Son ödünç verme tarihi Fiyatın geçerli olmaya başladığı tarih Koha materyal türü
        YUKARI PINARBAŞI İLK VE ORTAOKULU YUKARI PINARBAŞI İLK VE ORTAOKULU 24.08.2025 1 10694961 06.03.2026 27.02.2026 27.08.2025 Kitaplar
Gemini Bilgi Teknolojileri A.Ş. tarafından düzenlenmiştir.